| 000 | 00674nam a2200205Ia 4500 | ||
|---|---|---|---|
| 003 | IN-BaIIA | ||
| 008 | 211028s9999 xx 000 0 eng d | ||
| 040 | _cIIA Library | ||
| 080 |
_a535.6 _bMIN |
||
| 100 |
_aMinnaert, M. G. J. _92930 |
||
| 245 | 4 |
_aThe nature of light and colour in the open air _cTranslation by H. M. Kremer-Priest |
|
| 260 |
_aNew York _bDover Publications _c1954 |
||
| 300 | _axi, 362p. | ||
| 490 | _aTranslation of Licht en kleur in het landschap, pt. 1 of De natuurkunde van't vrije veld | ||
| 650 | _aAstronomy and astrophysics thesaurus | ||
| 650 |
_aColour _92056 |
||
| 650 |
_aLight _92428 |
||
| 650 |
_avisible Radiation _92931 |
||
| 942 | _cBK | ||
| 999 |
_c1438 _d1438 |
||